| Tag |
First Indicator |
Second Indicator |
Subfields |
| LEADER |
00000uam a2200000 a 4500 |
| 001 |
in00004100116 |
| 005 |
20260122214657.8 |
| 006 |
m o d |
| 007 |
cr cn |
| 008 |
090513s2009 xx o eng |
| 020 |
|
|
|z 9780321679376
|
| 020 |
|
|
|z 0321637518
|
| 020 |
|
|
|z 9780321637512
|
| 020 |
|
|
|z 0321679377
|
| 035 |
|
|
|a (CaSebORM)9780321679376
|
| 040 |
|
|
|d UtOrBLW
|
| 041 |
0 |
|
|a eng
|
| 100 |
1 |
|
|a Baron, Cynthia,
|e author.
|0 http://id.loc.gov/authorities/names/n97026543
|
| 245 |
1 |
0 |
|a Designing a Digital Portfolio, Second Edition /
|c Baron, Cynthia.
|
| 250 |
|
|
|a 2nd edition.
|
| 264 |
|
1 |
|b New Riders,
|c 2009.
|
| 300 |
|
|
|a 1 online resource (360 pages)
|
| 336 |
|
|
|a text
|b txt
|2 rdacontent
|
| 337 |
|
|
|a computer
|b c
|2 rdamedia
|
| 338 |
|
|
|a online resource
|b cr
|2 rdacarrier
|
| 347 |
|
|
|a text file
|
| 520 |
|
|
|a Portfolios have always been artists' most valuable tools for communicating their talents to the outside world, whether to potential employers or galleries or clients. But the days of sketches and slides have given way to arrangements of digital assets that are both simpler and more complex than their traditional analog counterparts. Instructor and design professional Cynthia Baron covers all the facets that artists need to know, from choosing the best work for a particular audience to using various file formats to organizing, designing, and presenting the portfolio. Beautiful full-color illustrations demonstrate her instructions, and case studies throughout portray examples of attractive and effective portfolio design. This book gives artists at any level a creative edge, ensuring that their portfolios get noticed and help them stand out from the crowd.
|
| 533 |
|
|
|a Electronic reproduction.
|b Boston, MA :
|c Safari,
|n Available via World Wide Web.
|d 2010.
|
| 538 |
|
|
|a Mode of access: World Wide Web.
|
| 542 |
|
|
|f Copyright © 2010 by Cynthia L. Baron
|g 2010
|
| 588 |
|
|
|a Online resource; Title from title page (viewed August 17, 2009)
|
| 500 |
|
|
|a Electronic resource.
|
| 655 |
|
7 |
|a Electronic books.
|2 local
|
| 710 |
2 |
|
|a Safari, an O'Reilly Media Company.
|
| 856 |
4 |
0 |
|u https://proxy.library.tamu.edu/login?url=https://go.oreilly.com/TAMU/library/view/-/9780321679376/?ar
|z Connect to this electronic resource
|t 0
|
| 999 |
f |
f |
|s c3c3b5cf-619b-314b-b58a-2d258eb40ec0
|i 313bd2c4-c41a-38f8-b2f1-b86408d935fe
|t 0
|
| 952 |
f |
f |
|a Texas A&M University
|b College Station
|c Electronic Resources
|s www_evans
|d Available Online
|t 0
|h No information provided
|
| 998 |
f |
f |
|t 0
|l Available Online
|